| 000 | 00449nam a22001817a 4500 | ||
|---|---|---|---|
| 003 | NUST - PNEC | ||
| 005 | 20170116181153.0 | ||
| 008 | 160105b xxu||||| |||| 00| 0 eng d | ||
| 020 | _a0751312436 | ||
| 040 | _cLIBRARY | ||
| 082 | _a613.7 RAV | ||
| 100 |
_915677 _a Ravage, Barbara |
||
| 245 |
_aK.I.S.S guide to weight loss _c Barbara,Ravage |
||
| 250 | _a- | ||
| 260 | _cc 2001 | ||
| 650 |
_915678 _aWeight loss _xGeneral |
||
| 942 |
_2ddc _cBK |
||
| 999 |
_c71080 _d71080 |
||